The Housing (Scotland) Act 2006 (Prescribed Documents) Regulations 2008 (Record no. 108683)

MARC details
000 -LEADER
fixed length control field 01315cad a22002415a 4500
001 - CONTROL NUMBER
control field E145065
008 - FIXED-LENGTH DATA ELEMENTS--GENERAL INFORMATION
fixed length control field 080904s2008 xxk f 000 0 eng d
035 ## - SYSTEM CONTROL NUMBER
System control number (Sirsi) u145065
041 0# - LANGUAGE CODE
Language code of text/sound track or separate title eng
110 1# - MAIN ENTRY--CORPORATE NAME
Corporate name or jurisdiction name as entry element Scotland
Form subheading Laws, etc.
245 04 - TITLE STATEMENT
Title The Housing (Scotland) Act 2006 (Prescribed Documents) Regulations 2008
Medium [electronic resource]
260 ## - PUBLICATION, DISTRIBUTION, ETC.
Place of publication, distribution, etc. [United Kingdom]
Name of publisher, distributor, etc. Stationery Office
Date of publication, distribution, etc. 2008
490 #0 - SERIES STATEMENT
Series statement Scottish Statutory Instrument
Volume/sequential designation 2008: 76
520 ## - SUMMARY, ETC.
Summary, etc. Sets out the documents to be included in a Home Report, for the purposes of S98, S99(1) and S101(2) of the Housing (Scotland) Act 2006. The documents required are: a survey report containing the single survey and an energy report; and a property questionnaire. Also clarifies who may prepare these prescribed documents. Comes into force on 1 October 2008.
521 ## - TARGET AUDIENCE NOTE
Target audience note Advanced
650 24 - SUBJECT ADDED ENTRY--TOPICAL TERM
Topical term or geographic name entry element SCOTTISH SINGLE SURVEY SCHEME
650 24 - SUBJECT ADDED ENTRY--TOPICAL TERM
Topical term or geographic name entry element HOUSING (SCOTLAND) ACT 2006
650 24 - SUBJECT ADDED ENTRY--TOPICAL TERM
Topical term or geographic name entry element HOUSING (SCOTLAND) ACT 2006 (PRESCRIBED DOCUMENTS) REGULATIONS 2008
651 #4 - SUBJECT ADDED ENTRY--GEOGRAPHIC NAME
Geographic name Scotland
Chronological subdivision 1999-
690 ## - LOCAL SUBJECT ADDED ENTRY--TOPICAL TERM (OCLC, RLIN)
Topical term or geographic name as entry element PROPERTY-RESIDENTIAL PROPERTY-ACQUISITION AND DISPOSAL OF RESIDENTIAL PROPERTY
856 48 - ELECTRONIC LOCATION AND ACCESS
Uniform Resource Identifier <a href="https://www.opsi.gov.uk/legislation/scotland/ssi2008/ssi_20080076_en_1">https://www.opsi.gov.uk/legislation/scotland/ssi2008/ssi_20080076_en_1</a>
Public note View the statutory instrument free of charge at www.opsi.gov.uk...
942 ## - ADDED ENTRY ELEMENTS (KOHA)
Suppress in OPAC 0
Holdings
Withdrawn status Lost status Source of classification or shelving scheme Damaged status Not for loan Home library Current library Shelving location Date acquired Total Checkouts Full call number Barcode Date last seen Copy number Price effective from Koha item type
    Dewey Decimal Classification     Virtual Virtual Online 04/09/2008   ONLINE PUBLICATION 145065-2001 06/08/2019 1 06/08/2019 Book